Normal view
MARC view
- KALMAN FILTERING. TRACKING RADAR- MATHEMATICS. ELECTRONIC FILTERS-MATHEMATICS
Entry Topical Term
001 - CONTROL NUMBER
- control field: 61611
003 - CONTROL NUMBER IDENTIFIER
- control field: NUST
005 - DATE AND TIME OF LATEST TRANSACTION
- control field: 20210628202802.0
008 - FIXED-LENGTH DATA ELEMENTS
- fixed length control field: 210628|| aca||aabn | a|a d
040 ## - CATALOGING SOURCE
- Original cataloging agency: NUST
- Transcribing agency: NUST
150 ## - HEADING--TOPICAL TERM
- Topical term or geographic name entry element: KALMAN FILTERING. TRACKING RADAR- MATHEMATICS. ELECTRONIC FILTERS-MATHEMATICS
670 ## - SOURCE DATA FOUND
- Source citation: Work cat.: (NUST): Brookner, E 61610, Tracking and kalman filtering made easy, 1998
